Quiz Géo Carte de france 2nd4 - Statistiques

Statistiques générales
  • Ce quiz a été pris 43 fois
  • Le résultat moyen est 9 sur 11
Statistiques - réponses
Départements % Correct
Hérault
95%
Aude
90%
Haute-Garonne
83%
Ariège
80%
Gers
80%
Pyrénées Orientales
80%
Gard
78%
Lot
78%
Tarn et Garonne
78%
Aveyron
75%
Haute-Pyrénées
38%
Aucun quiz correspondant
Distribution des résultats
% des personnes avec chaque résultat
Percentile par nombre de réponses
Votre historique - résultats
Vous n’avez pas pris ce quiz